[Event "Olympiad Women 2024"]
[Site "Budapest HUN"]
[Date "2024.09.16"]
[Round "6.54"]
[Board "1"]
[White "Bouzana, Christina"]
[Black "Charinda, Kudzanayi"]
[Result "0-1"]
[WhiteElo "1644"]
[BlackElo "1854"]
[PlyCount "148"]
[EventDate "2024.09.11"]
[WhiteTeam "Cyprus"]
[BlackTeam "Zimbabwe"]
[WhiteTeamCountry "CYP"]
[BlackTeamCountry "ZIM"]

1. d4 Nf6 2. c4 e6 3. Nc3 b6 4. e4 d6 5. Nf3 Bb7 6. Bd3 Be7 7. O-O Nbd7 8. Re1 ({RR} 8. Bf4 Nh5 9. Be3 O-O 10. e5 g6 11. Be4 c6 12. Bh6 Ng7 13. d5 cxd5 14. cxd5 exd5 15. Nxd5 Nxe5 16. Nd4 Rc8 17. f4 Nc4 18. f5 Bxd5 19. Bxd5 Bf6 20. fxg6 hxg6 21. Nc6 Rxc6 22. Bxc6 Bxb2 {1-0 Murshed,N (2475)-Cekro,E (2425) Tuzla2 1990 (4)}) 8... O-O 9. h3 ({RR} 9. e5 dxe5 10. dxe5 Ne8 11. Bc2 Nc5 12. Qe2 a5 13. Bf4 Qb8 14. Ng5 Bxg5 15. Bxg5 f5 16. Rad1 Qa7 17. Rd4 h6 18. Bc1 Rc8 19. Qh5 Rf7 20. Re3 Qa8 21. Rg3 Kf8 22. Bxh6 gxh6 23. Qxh6+ Ng7 {1-0 Saravanan,V (2266)-Tkhoruk,R (1965) 57th Biel Master Open 2024 (1.55)}) 9... a6 $146 ({RR} 9... c5 10. d5 Re8 11. Bf4 e5 12. Be3 Nh5 13. Ne2 g6 14. g4 Ng7 15. Ng3 a6 16. Kh2 Rc8 17. b3 Nf8 18. Rg1 Qd7 19. a4 a5 20. Qd2 Rc7 21. Rg2 Bc8 22. Rh1 f6 23. Bh6 Bd8 24. Nf5 {1-0 Iljiushenok,I (2519)-Skatchkov,V (2284) Khanty-Mansiysk Governor Cup 13th 2017 (8)}) 10. Bd2 Rc8 11. a3 c6 12. b4 e5 13. d5 cxd5 14. cxd5 Rc7 15. Rc1 Qb8 16. Qb3 Rfc8 17. Be3 Nh5 18. g3 g6 19. Rc2 Rf8 20. Bh6 Ng7 21. g4 Kh8 22. Rec1 Nf6 23. Ne2 Rxc2 24. Rxc2 Rc8 25. Nd2 Rc7 26. Rxc7 Qxc7 27. Qc3 Qd7 28. f4 exf4 29. Nxf4 Nfe8 30. g5 Kg8 31. Be2 Qd8 32. Nf3 Bc8 33. Bf1 f5 34. Qd4 fxe4 35. Qxe4 Bf5 36. Qc4 Bc8 37. Bd3 b5 38. Qc3 Qb6+ 39. Qd4 Qc7 40. Qb2 Bf5 41. Nd4 Bxd3 42. Nxd3 Nh5 43. Ne6 Qc4 44. Qd4 Qxd4+ 45. Nxd4 Nc7 46. Nc6 Nxd5 47. Kf2 Kf7 48. Nb8 Nc7 49. Kf3 Ke6 50. Nc6 Kd7 51. Nd4 Ne6 52. Nxe6 Kxe6 53. Ke4 Ng3+ 54. Kf3 Nf5 55. Ke4 d5+ 56. Kf3 Nxh6 57. gxh6 Bf8 58. Nc5+ Bxc5 59. bxc5 Ke5 60. h4 d4 61. c6 Kd6 62. c7 Kxc7 63. Ke4 Kc6 64. Kxd4 Kd6 65. Ke4 a5 66. Kd4 Kc6 67. Ke5 b4 68. axb4 axb4 69. Kf6 b3 70. Kg7 b2 71. Kxh7 b1=Q 72. Kg7 Qb2+ 73. Kxg6 Qh8 74. h7 Kd6 0-1

[Event "Olympiad Women 2024"]
[Site "Budapest HUN"]
[Date "2024.09.16"]
[Round "6.54"]
[Board "2"]
[White "Makwena, Christine"]
[Black "Sokolova, Larisa"]
[Result "1-0"]
[WhiteElo "1860"]
[BlackElo "1705"]
[PlyCount "75"]
[EventDate "2024.09.11"]
[WhiteTeam "Zimbabwe"]
[BlackTeam "Cyprus"]
[WhiteTeamCountry "ZIM"]
[BlackTeamCountry "CYP"]

1. e4 {ChessBase II} c5 2. Nf3 d6 3. d4 cxd4 4. Nxd4 Nf6 5. Nc3 a6 6. f3 e6 7. Be3 b5 8. a3 ({RR} 8. Qd2 Nbd7 9. g4 h6 10. O-O-O b4 11. Nce2 Qc7 12. h4 d5 13. Bf4 e5 14. Bh2 dxe4 15. g5 hxg5 16. hxg5 Rxh2 17. Rxh2 exd4 18. Rh4 Ng4 19. Rxg4 Nc5 20. Rh4 d3 21. Nd4 Bb7 22. Rh8 O-O-O) ({RR} 8. g4 h6) 8... Qc7 ({RR} 8... h5 9. Qd2 Nbd7 10. O-O-O Bb7 11. Kb1 Rc8 12. h3 ({RR} 12. h4 Be7 13. Rh3 O-O 14. Rg3 Kh7 15. Bg5 Re8 16. Bd3 Kh8 17. Bh6 Bf8 18. Be3 Kg8 19. Nb3 Qc7 20. Bh6 Kh8 21. Be3 Be7 22. Bf4 Red8 23. Nd4 Bf8 24. Nde2 Ne5 25. Bg5 d5 26. exd5 Bxd5) 12... h4 13. Bd3 Ne5 14. Rhe1 Be7 15. Bg5 Nc4 16. Bxc4 Rxc4 17. Nb3 Rh5 18. Bxf6 gxf6 19. Qe3 Qc7 20. Rd3 a5 21. Qd2 b4 22. axb4 Rxb4 23. Na2 {0-1 Mekhitarian,K (2559)-Topalov,V (2760) Festa da Uva quad rapid 2016 (3)}) ({RR} 8... Nbd7 9. Qd2 Bb7 10. g4 Nb6 11. O-O-O Nfd7 12. Rg1 Ne5 13. b3 d5 14. Nb1 Be7 15. f4 Ned7 16. e5 O-O 17. g5 g6 18. h4 h5 19. gxh6 Bxh4 20. Bd3 Kh7 21. Nxe6 Qe7 22. Nxf8+ Rxf8 23. f5 {1-0 Patt,Z (1771)-Linnemann,C (1773) EU-ch 22nd Terme Catez 2022 (10)}) 9. Qd2 Nc6 10. Nxc6 $146 ({RR} 10. O-O-O Nxd4 11. Bxd4 e5 12. Be3 Be6 13. g4 Rb8 14. g5 Nd7 15. Nd5 Bxd5 16. Qxd5 Nb6 17. Bxb6 Qxb6 18. Bh3 Be7 19. Rhg1 Qc7 20. Rd3 Qc5 21. Qxc5 dxc5 22. Rd7 Rd8 23. Ra7 Rd6 24. Ra8+ Bd8 {1-0 Nigmatov,O-Nguyen Dang Hong,P (1775) Wch U10 Kemer 2009 (8)}) 10... Qxc6 11. Be2 Be7 12. O-O-O Bb7 13. g4 d5 14. g5 Nd7 15. exd5 Qd6 16. dxe6 Qxd2+ 17. Rxd2 fxe6 18. Rhd1 Bc6 19. f4 Rd8 20. Bg4 Kf7 21. Ne2 Nb8 22. Nd4 Bd5 23. f5 e5 24. Nxb5 Bc6 25. Nd6+ Bxd6 26. Rxd6 Rxd6 27. Rxd6 Be4 28. Ba7 Nc6 29. Rd7+ Ne7 30. Bc5 Re8 31. Kd2 Bc6 32. Rc7 Rd8+ 33. Ke3 Rd7 34. Rxd7 Bxd7 35. Bxe7 Kxe7 36. f6+ gxf6 37. gxf6+ Ke8 38. f7+ 1-0

[Event "Olympiad Women 2024"]
[Site "Budapest HUN"]
[Date "2024.09.16"]
[Round "6.54"]
[Board "3"]
[White "Paunescu, Aida"]
[Black "Wakuruwarewa, Colletta"]
[Result "1/2-1/2"]
[WhiteElo "1603"]
[BlackElo "1814"]
[PlyCount "67"]
[EventDate "2024.09.11"]
[WhiteTeam "Cyprus"]
[BlackTeam "Zimbabwe"]
[WhiteTeamCountry "CYP"]
[BlackTeamCountry "ZIM"]

1. d4 {ChessBase II} d5 2. Nf3 Nf6 3. Bf4 Bf5 4. e3 e6 5. c4 Be7 6. Qb3 ({RR} 6. Nc3 O-O 7. Rc1 c5 8. cxd5 Nxd5 9. Nxd5 exd5 10. dxc5 Nd7 11. Nd4 Bg6 12. b4 a5 13. a3 axb4 14. axb4 Bf6 15. Be2 Ne5 16. O-O Nc6 17. Nxc6 bxc6 18. b5 cxb5 19. Bxb5 Qa5 20. Bc6 Rac8 {1-0 Raznikov,D (2485)-Hovhannisyan,R (2591) Titled Tuesday intern op 2nd Jan blitz 2018 (6)}) ({RR} 6. Nc3 O-O 7. Bd3 Bxd3 8. Qxd3 Nbd7 9. h3 dxc4 10. Qxc4 c5 11. Rd1 Qb6 12. O-O Rac8 13. d5 exd5 14. Nxd5 Nxd5 15. Rxd5 Nf6 16. Rd2 Rfd8 17. Rfd1 Rxd2 18. Rxd2 Rd8 19. Rxd8+ Qxd8 20. Ne5 Qd5 {½-½ Priyanka,N (2292)-Ismayil,M (2167) WSCC Speed Play-In 3 2024 (3)}) 6... Qc8 7. Bd3 $146 ({RR} 7. Nc3 c6 8. Rc1 O-O 9. Be2 dxc4 10. Bxc4 b5 11. Be2 Qb7 12. Ne5 ({RR} 12. Nxb5 cxb5 13. Rc7) 12... a5 13. a4 Bb4 14. O-O Bxc3 15. bxc3 Ra7 ({RR} 15... Ne4) 16. Nd3 ({RR} 16. g4 Be4 17. f3 Bg6 ({RR} 17... Bd5 18. Qc2 Nfd7 19. Rb1) 18. e4 bxa4 19. Qxa4 Qe7 20. Rb1 Nfd7 21. Nxd7 Nxd7 22. Qxc6) 16... Ne4 17. Rfd1 Nd7 18. f3 Nef6 19. e4 Bg6 20. Rb1 Ne8 21. axb5 a4 {1-0 Flament,F (2072)-Marquet,M (2060) FRA-chT3 North 0304 2003 (8.3)}) ({RR} 7. Nc3 c6 8. Rc1 dxc4 9. Bxc4 Nbd7 10. h3 h6 11. O-O O-O 12. Rfe1 Nb6 13. e4 Bh7 14. Bd3 Qd8 15. Rcd1 Nfd7 16. Qc2 Re8 17. d5 exd5 18. exd5 Bxd3 19. Qxd3 Rc8 20. Qf5 Bb4 21. dxc6 Rxe1+ {½-½ Chevannes,S (2080)-Webster,R (1984) Southend op 2007 (7)}) 7... Bxd3 8. Qxd3 O-O 9. O-O Nbd7 10. h3 Bd6 11. Ne5 dxc4 12. Qxc4 Nd5 13. Nxd7 Qxd7 14. Bxd6 cxd6 15. Qd3 Rfc8 16. Nc3 Nxc3 17. bxc3 d5 18. Rfc1 Rc4 19. Rab1 Rac8 20. Rc2 a5 21. Rb3 h6 22. e4 a4 23. Rb4 Rxb4 24. cxb4 Rxc2 25. Qxc2 dxe4 26. Qxe4 b5 27. Qe5 Kh7 28. Qc5 Kg6 29. Kf1 Qd5 30. Qxd5 exd5 31. Ke2 Kf5 32. Ke3 h5 33. g3 g5 34. f3 1/2-1/2

[Event "Olympiad Women 2024"]
[Site "Budapest HUN"]
[Date "2024.09.16"]
[Round "6.54"]
[Board "4"]
[White "Zengeni, Tatenda Melisa"]
[Black "Pica, Eleni"]
[Result "1-0"]
[WhiteElo "1732"]
[BlackElo "1609"]
[PlyCount "149"]
[EventDate "2024.09.11"]
[WhiteTeam "Zimbabwe"]
[BlackTeam "Cyprus"]
[WhiteTeamCountry "ZIM"]
[BlackTeamCountry "CYP"]

1. d4 Nf6 2. e3 g6 3. Bd3 Bg7 4. Nd2 O-O 5. f4 d6 6. Ngf3 Nbd7 7. O-O c5 ({RR} 7... e5 8. f5 Qe7 9. dxe5 Nxe5 10. Nxe5 Qxe5 11. Qf3 d5 12. g4 gxf5 13. gxf5 Bd7 14. Qh3 Qe7 15. Rf4 Kh8 16. Nf3 Rg8 17. Kf1 h6 18. Rh4 Nh7 19. e4 dxe4 20. Rxe4 Qc5 21. Rh4 Bc6 22. Bxh6 {1-0 Inigo Munoz,J (2144)-Garcia Padron,J (2455) Vecindario Canarias op 4th 2010 (9)}) ({RR} 7... Qe8 8. b3 e5 9. fxe5 dxe5 10. dxe5 Nxe5 11. Qe2 Nxd3 12. cxd3 Ng4 13. h3 Qxe3+ 14. Qxe3 Nxe3 15. Re1 Nc2 16. Rf1 Bxa1 17. Nc4 Nd4 18. Ba3 Nxf3+ 19. gxf3 Bd4+ 20. Kg2 Re8 21. Kg3 h5 22. f4 {0-1 Veeturi,Y (1165)-Cox,L (1545) Daventry 4NCL Easter op-C 2nd 2022 (1)}) 8. c3 a6 9. Qe1 $146 ({RR} 9. Qe2 b5 10. a3 c4 11. Bc2 Bb7 12. e4 Qc7 13. e5 dxe5 14. fxe5 Nd5 15. Ng5 e6 16. Nde4 Rab8 17. Nd6 N7b6 18. Ndxf7 Qe7 19. Nd6 Rxf1+ 20. Qxf1 Rf8 21. Qe2 Ba8 22. Bd2 Nf4 23. Bxf4 Rxf4 {1-0 Wildschut,J (1595)-Wolf,M (1639) Muenster Bezirksliga 0607 2006 (3.15)}) 9... b5 10. Qh4 Bb7 11. f5 Re8 12. fxg6 hxg6 13. Ng5 Nf8 14. Nde4 Bxe4 15. Bxe4 d5 16. Bc2 cxd4 17. exd4 e5 18. dxe5 Rxe5 19. Nf3 Rh5 20. Qg3 Qb6+ 21. Nd4 Ne4 22. Bxe4 Bxd4+ 23. cxd4 Qxd4+ 24. Qe3 Qxe4 25. Qxe4 dxe4 26. g4 Rh3 27. Kg2 Rd3 28. Bf4 Ne6 29. Be5 Ng5 30. Rae1 Re8 31. Bf4 Nf3 32. Rc1 g5 33. Bg3 Rd2+ 34. Rf2 Rxf2+ 35. Kxf2 Nd4 36. Ke3 Nf3 37. Rc6 a5 38. Rc5 Ng1 39. Rxg5+ Kh7 40. Rxb5 Ra8 41. Kxe4 Ne2 42. Ke3 Nxg3 43. hxg3 Kg6 44. Kf4 Ra6 45. b3 a4 46. b4 a3 47. g5 Rd6 48. Ke3 Rd1 49. Ra5 Rg1 50. Kf4 Rb1 51. Ra6+ Kg7 52. Rxa3 Rxb4+ 53. Kf5 Rb5+ 54. Kg4 Rc5 55. Ra7 Rc6 56. a4 Kg6 57. Ra5 Rc4+ 58. Kf3 Rb4 59. g4 Rc4 60. Kg3 Rc3+ 61. Kh4 Ra3 62. Ra6+ Kg7 63. Ra8 Kg6 64. a5 Kg7 65. a6 Kg6 66. Rh8 Kg7 67. Rh6 Kg8 68. Rb6 Kg7 69. Rc6 Kg8 70. g6 fxg6 71. Rxg6+ Kh7 72. Rb6 Ra4 73. Kh5 Ra1 74. Rb7+ Kh8 75. a7 1-0

[Event "Olympiad Women 2024"]
[Site "Budapest HUN"]
[Date "2024.09.16"]
[Round "6.55"]
[Board "1"]
[White "Fawaz, Nadia"]
[Black "Sakai, Azumi"]
[Result "1-0"]
[WhiteElo "1747"]
[BlackElo "1871"]
[PlyCount "103"]
[EventDate "2024.09.11"]
[WhiteTeam "Lebanon"]
[BlackTeam "Japan"]
[WhiteTeamCountry "LBN"]
[BlackTeamCountry "JPN"]

1. e4 e6 2. Qe2 Be7 3. b3 d5 4. exd5 ({RR} 4. Bb2 Nf6 5. e5 Nfd7 6. g3 c5 7. f4 Nc6 8. Nf3 Nb4 9. Na3 b6 10. Bg2 Ba6 11. d3 d4 12. Nd2 Rb8 13. Ne4 b5 14. Nb1 Nd5 15. c3 N7b6 16. cxd4 cxd4 17. Kf2 Ne3 18. Bf3 Rc8 {0-1 Shovunov,B (2475)-Vaganian,R (2630) Presidents Cup  1998 (1.2)}) ({RR} 4. Bb2 Nf6 5. e5 Nfd7 6. f4 O-O 7. Nf3 a5 8. a3 a4 9. b4 c5 10. bxc5 Nxc5 11. d4 Ne4 12. Nbd2 Qb6 13. Qb5 Qc7 14. Rc1 Nxd2 15. Nxd2 f6 16. g3 fxe5 17. dxe5 Bd7 18. Qd3 Nc6 {1-0 Timmermans,M (2395)-Kumala,A (2207) Titled Tue 19th Mar Late 2024 (5)}) 4... exd5 5. Bb2 Nf6 6. Nc3 $146 ({RR} 6. Bxf6 gxf6 7. Nc3 c5 8. O-O-O Nc6 9. f4 f5 10. Qh5 Be6 11. Bb5 Qb6 12. Nf3 d4 13. Bxc6+ Qxc6 14. Ne5 Qa6 15. Nb1 Qxa2 16. Rhe1 O-O-O 17. d3 Bd6 18. g3 Rdf8 19. Nf3 Qa1 20. Kd2 Re8 {½-½ Scheerer,C-Margraf,D JBL NW 9596 Germany 1995 (2)}) ({RR} 6. Bxf6 gxf6 7. Qh5 Nc6 8. Nf3 Be6 9. Bb5 Qd6 10. Nd4 O-O 11. Bxc6 bxc6 12. O-O Qe5 13. Qh4 Bd7 14. Nc3 Qg5 15. Nf3 Qxh4 16. Nxh4 Rfe8 17. d4 Bb4 18. Na4 Re4 19. g3 Bh3 20. Ng2 Rae8 {½-½ Sipila,V (2375)-Maki Uuro,M (2344) Naantali Avoin op 2017 (5)}) 6... O-O 7. O-O-O c5 8. Nf3 Nc6 9. d4 Bf5 10. dxc5 Bxc5 11. Qb5 Qb6 12. Nxd5 Qxb5 13. Bxb5 Ne4 14. Rhf1 Bg6 15. Nd4 Nb4 16. Nxb4 Bxb4 17. a3 Bc5 18. f3 Nf6 19. Bd3 Rac8 20. Bxg6 hxg6 21. b4 Bd6 22. Ne6 fxe6 23. Rxd6 Kf7 24. Bxf6 Kxf6 25. Rd7 Rf7 26. Rfd1 Rc7 27. Rxf7+ Kxf7 28. Kb2 Kf6 29. Rd4 g5 30. c4 b6 31. Kc3 a6 32. Rd6 Rb7 33. Kd4 g6 34. c5 bxc5+ 35. Kxc5 Rc7+ 36. Kb6 Rc3 37. a4 Ke5 38. Rc6 Rb3 39. Rc4 Ra3 40. a5 Ra2 41. Rg4 Kd6 42. Kxa6 Rc2 43. b5 Rc8 44. b6 Rc5 45. Rd4+ Kc6 46. b7 Kc7 47. Rd7+ Kxd7 48. b8=Q Rc6+ 49. Kb5 Rc1 50. Qb7+ Kd6 51. Qe4 Rc5+ 52. Kb6 1-0

[Event "Olympiad Women 2024"]
[Site "Budapest HUN"]
[Date "2024.09.16"]
[Round "6.55"]
[Board "2"]
[White "Shibata, Misaki"]
[Black "Attieh, Skye"]
[Result "0-1"]
[WhiteElo "1847"]
[BlackElo "1675"]
[PlyCount "72"]
[EventDate "2024.09.11"]
[WhiteTeam "Japan"]
[BlackTeam "Lebanon"]
[WhiteTeamCountry "JPN"]
[BlackTeamCountry "LBN"]

1. d4 e6 2. c4 Nf6 3. Nc3 Bb4 4. Bd2 O-O 5. e3 d5 6. Nf3 Nbd7 7. cxd5 exd5 8. Bd3 ({RR} 8. Qb3 c5 9. dxc5 a5 10. Be2 Nxc5 11. Qd1 {½-½ Aczel,G (2474)-Movsesian,S (2619) CRO-chT1B 30th 2022 (7.31)}) 8... Nb6 ({RR} 8... Re8 9. O-O c6 10. Re1 Bd6 11. Qc2 h6 12. Rab1 a5 13. h3 Nb6 14. Rbd1 a4 15. b3 axb3 16. axb3 Bd7 17. e4 dxe4 18. Nxe4 Nxe4 19. Bxe4 Be6 20. Ne5 Nd5 21. Bh7+ Kh8 22. Bf5 Qf6 23. Bxe6 {0-1 Krishna,C (2440)-Karthik,V (2606) Dubai Police Open A 2024 (5.21)}) 9. a3 Bxc3 $146 ({RR} 9... Bd6 10. O-O Bg4 11. h3 Bh5 12. Be2 c5 13. Be1 cxd4 14. Nxd4 Bxe2 15. Ncxe2 Bc7 16. Qb3 Qd6 17. g3 Ne4 18. Bb4 Nc5 19. Qc2 Nba4 20. b3 a5 21. bxa4 axb4 22. axb4 Ne4 23. Nb5 Qxb4 24. Qxc7 {1-0 Grau,R-Jivaja,P Lima op U14 2000 (4)}) 10. Bxc3 Bg4 11. b3 Ne4 12. Rc1 f5 13. O-O Rf6 14. h3 Bh5 15. Be2 Nd7 16. Ne5 Bxe2 17. Qxe2 Nxe5 18. dxe5 Rg6 19. Rfd1 Qh4 20. Kf1 Rf8 21. Bb4 Rf7 22. Rxd5 f4 23. Rcd1 h6 24. Rd8+ Kh7 25. Qf3 Nd6 26. Ra8 fxe3 27. Qxe3 Nf5 28. Qd2 Ng3+ 29. Ke1 Ne4 30. Qd4 Rxf2 31. Rd3 Rfxg2+ 32. Kd1 Qh5+ 33. Kc1 Qe2 34. Rd2 Nxd2 35. Bxd2 Rc6+ 36. Kb1 Qd1+ 0-1

[Event "Olympiad Women 2024"]
[Site "Budapest HUN"]
[Date "2024.09.16"]
[Round "6.55"]
[Board "3"]
[White "Al Asmar, Remy"]
[Black "Kinoshita, Kanako"]
[Result "1-0"]
[WhiteElo "1661"]
[BlackElo "1822"]
[PlyCount "139"]
[EventDate "2024.09.11"]
[WhiteTeam "Lebanon"]
[BlackTeam "Japan"]
[WhiteTeamCountry "LBN"]
[BlackTeamCountry "JPN"]

1. c4 c6 2. g3 Nf6 3. Nf3 e6 4. Bg2 d5 5. b3 Nbd7 6. Bb2 Be7 7. O-O O-O 8. d3 Re8 9. Nbd2 h6 ({RR} 9... a5 10. a3 Nc5 11. Qc2 b6 12. Ne5 Bb7 13. d4 Ncd7 14. e4 Rc8 15. Rac1 c5 16. exd5 exd5 17. Ndf3 cxd4 18. Nxf7 Qc7 19. N7g5 dxc4 20. bxc4 Bc5 21. Nxd4 Bxg2 22. Kxg2 Ne5 23. f3 Qb7 24. Rfe1 {½-½ Roeder,M (2444)-Salvador,R (2461) Cesenatico op 2007 (6)}) 10. Qc2 ({RR} 10. e4 dxe4 11. dxe4 Nc5 12. e5 Nh7 13. Qe2 Qd3 14. Qxd3 Nxd3 15. Bc3 Nb4 16. Ne4 a5 17. Nd6 Rf8 18. a3 Nd3 19. Rad1 Nc5 20. b4 axb4 21. axb4 Na4 22. Ra1 Rd8 23. c5 Ra6 24. Bd4 f6 {1-0 Decuigniere,T (2323)-Sanchez,R (1971) Titled Tue 18th Oct Late 2022 (5)}) 10... Nf8 11. c5 $146 ({RR} 11. a3 a5 12. Bc3 b6 13. b4 a4 14. Qb2 Bb7 15. Ne5 Rc8 16. Rac1 b5 17. cxb5 cxb5 18. Bd4 Bd6 19. f4 Rxc1 20. Rxc1 Qa8 21. Bc5 Qa6 22. Ndf3 N8d7 23. Bxd6 Qxd6 24. Qd4 Rc8 25. Rxc8+ Bxc8 {1-0 Valdes Romero,L (2426)-Al Dahbali,M Olympiad-35 Bled 2002 (14.1)}) 11... Ng6 12. d4 b6 13. Ba3 Bb7 14. Rfe1 Bf8 15. e3 Nd7 16. b4 Ba6 17. Nb3 Rc8 18. Bb2 e5 19. dxe5 Ngxe5 20. Nxe5 Nxe5 21. a3 Nd3 22. Red1 Nxb2 23. Qxb2 Be7 24. Rac1 Bf6 25. Qb1 Be2 26. Rd2 Bh5 27. Qc2 Bg6 28. Qd1 Qd7 29. Nd4 bxc5 30. Rxc5 Be7 31. Rc1 h5 32. Qf1 Bg5 33. Bh3 f5 34. Rdc2 Rxe3 35. Nxc6 Ree8 36. f4 Bf6 37. Qd3 Kh7 38. Bg2 d4 39. Rd1 Qd6 40. Rc5 Re4 41. Ne5 Rxc5 42. bxc5 Qxc5 43. Bxe4 fxe4 44. Qxd4 Qxa3 45. Ra1 Qb3 46. Qxa7 e3 47. Re1 e2 48. Rxe2 Be4 49. Qe3 Qxe3+ 50. Rxe3 Bf5 51. Kg2 Bc8 52. h3 Bb7+ 53. Kh2 Bc8 54. g4 g5 55. f5 hxg4 56. hxg4 Kg7 57. Nf3 Bb7 58. Ra3 Bd5 59. Ra7+ Kf8 60. Kg3 Ke8 61. Ra6 Kf7 62. Rd6 Be4 63. Re6 Bc2 64. Ne5+ Kg7 65. Nd7 Bd8 66. Re8 Bc7+ 67. Kh3 Ba4 68. f6+ Kf7 69. Re7+ Kg8 70. f7+ 1-0

[Event "Olympiad Women 2024"]
[Site "Budapest HUN"]
[Date "2024.09.16"]
[Round "6.55"]
[Board "4"]
[White "Mitsuyama, Rikka"]
[Black "Darweeche, Roaa"]
[Result "1-0"]
[WhiteElo "1738"]
[BlackElo "1557"]
[PlyCount "117"]
[EventDate "2024.09.11"]
[WhiteTeam "Japan"]
[BlackTeam "Lebanon"]
[WhiteTeamCountry "JPN"]
[BlackTeamCountry "LBN"]

1. d4 d5 2. c4 c6 3. Nc3 Bf5 4. Qb3 Qd7 5. cxd5 Nf6 ({RR} 5... cxd5 6. Qxd5 e6 7. Qxd7+ Nxd7 8. e4 Bg6 9. f3 Bb4 10. Bd2 a6 11. a3 Ba5 12. Na4 Bxd2+ 13. Kxd2 Ne7 14. Bd3 Nc6 15. Ke3 Ke7 16. Ne2 f6 17. b4 Rhd8 18. Rhc1 h5 19. Ra2 Be8 20. Rac2 {1-0 Benderac,A (2180)-Vuckovic,L (1885) SRB-chT (Women) 2020 (10.1)}) 6. Nf3 cxd5 7. Ne5 Qc8 $146 ({RR} 7... Qc7 8. Bf4 Qb6 9. Qxb6 axb6 10. e3 e6 11. Bb5+ Nbd7 12. g4 Bxg4 13. Bxd7+ Nxd7 14. Nxg4 f6 15. h4 h5 16. Nh2 Bb4 17. Kd2 e5 18. Bg3 Kf7 19. Rhc1 Ke6 20. a3 Bf8 21. Nf3 e4 22. Ng1 {1-0 Chekhov,V (2495)-Fant,G Peer Gynt Gausdal 1990 (2)}) 8. Nxd5 Nxd5 9. Qxd5 e6 10. Qb5+ Nc6 11. Nxc6 Qxc6 12. Qxc6+ bxc6 13. Bd2 c5 14. dxc5 Bxc5 15. Rc1 Bd6 16. f3 e5 17. e4 Be6 18. Rc6 Ke7 19. Ra6 Bc5 20. Bc3 f6 21. Bd3 Rhd8 22. Ke2 Bb6 23. Bb4+ Kf7 24. Ba5 Bc8 25. Bxb6 Bxa6 26. Bxd8 Bxd3+ 27. Kxd3 Rxd8+ 28. Kc2 Rc8+ 29. Kd2 Rd8+ 30. Ke3 Ke6 31. Rc1 Rd7 32. Rc6+ Ke7 33. Ra6 h5 34. g3 g5 35. h3 Kf7 36. f4 gxf4+ 37. gxf4 exf4+ 38. Kxf4 Re7 39. Kf5 Re5+ 40. Kf4 Re7 41. b4 Rb7 42. a3 Re7 43. a4 Kg7 44. b5 Kg6 45. Rc6 Kg7 46. h4 Kg6 47. Rd6 Rc7 48. Rc6 Rd7 49. Ra6 Re7 50. Rd6 Rc7 51. Rd3 Rc4 52. a5 Ra4 53. a6 Rb4 54. Rd5 Rb3 55. Rd7 Rxb5 56. Rxa7 Ra5 57. Ra8 Kf7 58. a7 Ra3 59. Rh8 1-0

[Event "Olympiad Women 2024"]
[Site "Budapest HUN"]
[Date "2024.09.16"]
[Round "6.56"]
[Board "1"]
[White "Rivera Negron, Yanira"]
[Black "Lieketseng, Ngatane"]
[Result "1/2-1/2"]
[WhiteElo "1805"]
[BlackElo "1651"]
[PlyCount "84"]
[EventDate "2024.09.11"]
[WhiteTeam "Puerto Rico"]
[BlackTeam "Lesotho"]
[WhiteTeamCountry "PUR"]
[BlackTeamCountry "LES"]

1. d4 d5 2. c4 e6 3. cxd5 exd5 4. Nc3 Nf6 5. Bg5 Be7 6. e3 c6 7. Bd3 Be6 ({RR} 7... a5 8. Nge2 Na6 9. O-O Nc7 10. Qc2 Ne6 11. Bh4 g6 12. f3 O-O 13. Kh1 b6 14. Rad1 Bb7 15. Qc1 Rc8 16. f4 Re8 17. f5 Nf8 18. Rde1 N8d7 19. fxg6 hxg6 20. Nf4 Nf8 21. Qd1 Rc7 22. Qf3 {½-½ Hracek,Z (2530)-Bischoff,K (2525) Brno-A 1994 (2)}) 8. Qb3 ({RR} 8. Nf3 h6 9. Bh4 Nbd7 10. O-O O-O 11. Rb1 Rc8 12. h3 c5 13. Bg3 c4 14. Bc2 a6 15. a4 Bb4 16. Nh4 Re8 17. Nf5 Bxf5 18. Bxf5 g6 19. Bc2 Qa5 20. Bf4 Kg7 21. Ne2 Ne4 22. Bxe4 dxe4 {1-0 Hu,Z (1641)-Shao,X (1442) Chinese Youth U20 2024 (4.17)}) 8... Qb6 9. Qc2 $146 ({RR} 9. Qxb6 axb6 10. Nf3 Nbd7 11. O-O O-O 12. Ne5 Rfe8 13. f4 g6 14. h3 Nxe5 15. fxe5 Nd7 16. Bxe7 Rxe7 17. b3 b5 18. a4 bxa4 19. Rxa4 Ree8 20. Rfa1 Nb6 21. Ra7 Kg7 22. Kf2 Rxa7 23. Rxa7 Re7 {½-½ Gardes,A (1722)-Farchich,D Platense-ch La Plata 2018 (3)}) ({RR} 9. Qxb6 axb6 10. Nge2 Nbd7 11. O-O O-O 12. f3 Rfe8 13. Nf4 Nf8 14. Bh4 b5 15. b3 Bb4 16. Rfc1 N6d7 17. e4 dxe4 18. Nxe4 Ng6 19. Nxg6 hxg6 20. Be1 Bxe1 21. Rxe1 Bd5 22. Nd6 Rxe1+ 23. Rxe1 Kf8 {0-1 Laosaengpha,N (1517)-Marin,S (2060) Laos op Vientiane 2018 (7)}) 9... Nbd7 10. Nge2 Rc8 11. O-O O-O 12. Na4 Qc7 13. Bf4 Bd6 14. f3 Rfe8 15. Bxd6 Qxd6 16. e4 dxe4 17. fxe4 Ng4 18. e5 Qe7 19. Rf3 Nf8 20. Nf4 g6 21. Rg3 Qd7 22. Nxe6 Nxe6 23. Rxg4 Nxd4 24. Qd1 Rxe5 25. Re4 Rg5 26. Bf1 Rd5 27. Nc3 Rd6 28. Qe1 Nc2 29. Re7 Qd8 30. Qe5 Nxa1 31. Ne4 Re6 32. Rxe6 fxe6 33. Qxe6+ Kf8 34. Nd6 Rc7 35. Bc4 Rg7 36. h3 Nc2 37. Qe5 b5 38. Qf4+ Ke7 39. Qe5+ Kf8 40. Qf4+ Ke7 41. Qe5+ Kf8 42. Qf4+ Ke7 1/2-1/2

[Event "Olympiad Women 2024"]
[Site "Budapest HUN"]
[Date "2024.09.16"]
[Round "6.56"]
[Board "2"]
[White "Boitumelo Sethabathaba"]
[Black "Vega Jimenez, Keyshla M."]
[Result "0-1"]
[WhiteElo "1571"]
[BlackElo "1769"]
[PlyCount "116"]
[EventDate "2024.09.11"]
[WhiteTeam "Lesotho"]
[BlackTeam "Puerto Rico"]
[WhiteTeamCountry "LES"]
[BlackTeamCountry "PUR"]

1. d4 d5 2. c4 e6 3. Nc3 Nf6 4. cxd5 exd5 5. Bg5 c6 6. Qc2 h6 7. Bh4 Be7 8. e3 O-O 9. Bd3 Re8 10. Nf3 Ne4 11. Bxe7 Qxe7 12. O-O Nd7 13. Nd2 Ndf6 14. Ncxe4 ({RR} 14. Ndxe4 dxe4 15. Bc4 Be6 16. Qb3 Bxc4 17. Qxc4 Qd6 18. h3 Re6 19. b4 Nd5 20. Nxd5 cxd5 21. Qc5 Qd7 22. b5 b6 23. Qb4 Rg6 24. Kh1 f5 25. Rac1 Rf8 26. Qa4 f4 27. exf4 Rxf4 28. Rc6 Rg3 {1-0 Koelle,T (2312)-Jacobson,B (2504) Titled Tuesday intern op 06th July blitz 2021 (1)}) ({RR} 14. Rae1 Bf5 15. Re2 Nxc3 16. bxc3 Bxd3 17. Qxd3 b5 18. Nb3 a5 19. Nc5 Nd7 20. Nxd7 Qxd7 21. f3 b4 22. cxb4 axb4 23. Rb2 Ra3 24. Rb3 Rxa2 25. Rxb4 g6 26. e4 Qe7 27. Qb3 Rd2 28. e5 c5 {0-1 Cremisi,D (2143)-Ruperez Benito,A (2322) Titled Tuesday intern op 25th Jan blitz 2022 (2)}) 14... Nxe4 15. Bxe4 dxe4 16. Rfc1 $146 ({RR} 16. Nc4 Qg5 17. f4 exf3 18. Rxf3 Bd7 19. Raf1 Re7 20. Ne5 Be6 21. Qf2 f6 22. Rg3 Qh5 23. Qxf6 Rae8 24. Qf2 Bxa2 25. Rf3 Kh7 26. Rf5 g5 27. Rf3 Qh4 28. Qc2+ Kg7 29. Rh3 Qxh3 30. gxh3 Bf7 {1-0 Bauer,B (1603)-Nobis,A (1269) GER-ch U10 Willingen 2009 (10)}) 16... Bd7 17. Qc5 Qf6 18. Nf1 Be6 19. Ng3 Bd5 20. a4 b6 21. Qc3 a5 22. Ne2 g5 23. Qc2 Qe6 24. Qc3 h5 25. b4 Qg4 26. Ng3 h4 27. h3 Qe6 28. Ne2 Qe7 29. Rcb1 Reb8 30. Qa3 Bc4 31. Nc3 Bd3 32. Rb2 Rb7 33. b5 Qxa3 34. Rxa3 cxb5 35. Nxb5 Rd8 36. Rc3 Rd5 37. Rc6 Bxb5 38. Rxb5 Rxb5 39. axb5 Kf8 40. f3 exf3 41. gxf3 Ke7 42. Kf2 a4 43. Ke2 a3 44. Rc2 Ra7 45. Ra2 f5 46. Kd3 g4 47. fxg4 fxg4 48. hxg4 h3 49. Kc3 Kf6 50. Kb3 Kg5 51. d5 Kxg4 52. d6 Kg3 53. e4 h2 54. Rxh2 Kxh2 55. Ka2 Rd7 56. e5 Kg3 57. Kxa3 Kf4 58. e6 Rxd6 0-1